000 01286nas a2200265 454500
001 15247
005 20260407193505.0
008 260407s1982####ag###########|||spa#d
003 AR-UNSa-BCEJYS
040 _aAR-UNSa-BCEJYS
_bspa
_cAR-UNSa-BCEJYS
080 _a349.2
_xDerecho del Trabajo
245 1 0 _aTrabajo y seguridad social
_prevista de doctrina, jurisprudencia y legislación
022 _a1667-1813
264 1 _aBuenos Aires :
_bEl Derecho
_c1982
310 _aFrecuencia: Mensual
505 _aCambia de Director a partir del Nº 9, Año 1980 por un Comíte Científico: German J. Bidart Campos ; Hugo C. Carcavallo ; Juan José Etala ; Horacio Ferro ; Jorge Hiriart ; Justo López ; Benito Perez ; Eduardo R. Stafforini ; Mariano R. Tissembaum ; Antonio Vazquez Vialard Cambia de Director a partir del Nº 3, Año 1981 por Julio A. Prandi Cambia de Director a partir del Nº 7, Año 1984 por Hugo R. Carcavallo
942 _cSER
590 _aniveau_biblio:s niveau_hierar:1
100 1 _aUniversidad Católica Argentina (UCA)
700 1 _aDeveali, Mario L.
650 _aSeguridad social
650 _aTrabajo
650 _aDerecho laboral
856 4 1 _uhttps://biblioeco.unsa.edu.ar/pmb/images/revistas/Trabajo y Seguridad Social.jpg
_yImagen de portada
_qimage/jpeg
999 _c8476
_d8476